| 000 | 01196cam a2200349 a 4500 | ||
|---|---|---|---|
| 999 |
_c530152 _d530152 |
||
| 001 | 16724262 | ||
| 003 | NUST | ||
| 005 | 20191011103627.0 | ||
| 008 | 110406s2012 maua 001 0 eng | ||
| 010 | _a 2011015032 | ||
| 020 | _a9780123850812 | ||
| 020 | _a0123850819 | ||
| 035 | _a(OCoLC)ocn711864838 | ||
| 038 | _aNusrat Nadeem | ||
| 040 |
_aDLC _cDLC _dYDX _dYDXCP _dBWX _dCDX _dDLC |
||
| 042 | _apcc | ||
| 050 | 0 | 0 |
_aQA297 _b.A87 2012 |
| 082 | 0 | 0 |
_a518.028553 _222 |
| 100 | 1 |
_aAttaway, Stormy. _923528 |
|
| 245 | 1 | 0 |
_aMATLAB : _ba practical introduction to programming and problem solving / _cStormy Attaway. |
| 250 | _a2nd ed. | ||
| 260 |
_aWaltham, MA : _bButterworth-Heinemann, _cc2012. |
||
| 300 |
_axx, 518 p. : _bcol. ill. ; _c24 cm. |
||
| 500 | _aIncludes index. | ||
| 630 | 0 | 0 |
_aMATLAB. _93082 |
| 650 | 0 |
_aNumerical analysis _xData processing. _972 |
|
| 650 | 0 |
_aComputer programming. _918025 |
|
| 856 | 4 | 2 |
_3Publisher description _uhttp://www.loc.gov/catdir/enhancements/fy1606/2011015032-d.html |
| 906 |
_a7 _bcbc _corignew _d1 _eecip _f20 _gy-gencatlg |
||
| 942 |
_2ddc _cBK |
||